| 000 | 00789nam a22002292 4500 | ||
|---|---|---|---|
| 001 | 0000025497 | ||
| 005 | 20151217154550.0 | ||
| 008 | 151006s xx 000 0 eng d | ||
| 020 | _a0801448485 : | ||
| 040 |
_aKABU _cKABU |
||
| 100 | 1 |
_aMinnite, Lorraine C. _@0000186161 |
|
| 245 | 1 | 4 |
_aThe myth of voter fraud / _cLorraine C. Minnite. |
| 260 |
_aNew York : _bCornell University press, _c2010. |
||
| 300 | _aviii, 298 p. | ||
| 650 | 0 |
_aElections _xCorrupt practices _zUnited States. _@0000186162 |
|
| 650 | 0 |
_aUnited States _xPolitics and government. _@0000186163 |
|
| 650 | 0 |
_aPolitical corruption _zUnited States. _@0000186164 |
|
| 650 | 0 |
_aVoting _zUnited States. _@0000181186 |
|
| 852 | 1 | _9p6500 KES | |
| 908 | _a151006 | ||
| 950 | _@1 | ||
| 999 |
_c11757 _d11757 |
||